000 00870nam a2200229Ii 4500
003 JO-AjNU
008 230605s9999||||xx |||||||||||||| ||und||
017 _a2015/3/1400
020 _a978-9957-608-15-6
040 _aJO-AjNU
_bara
_erda
_cJO-AjNU
041 _aara
050 1 4 _aHD37 2016
100 3 _aالياسري، اكرم محسن، م.مشارك سمر صلاح شاكر الدليمي,
_eauthor
_958177
245 0 0 _aمستجدات فكرية في عالم ادارة الاعمال: ادارة الحكمة. ادارة الوقت. النجاح الاستراتيجي، ج5
250 _aط1
264 3 1 _aعمان: الدار المنهجية للنشر، 2016
300 _aج5: 208ص
336 _atext
_btxt
_2rdacontent
337 _aunmediated
_bn
_2rdamedia
338 _avolume
_bnc
_2rdacarrier
650 4 _aادارة الاعمال
_958178
999 _aA26112
_c29680
_d29680